Language Quiz

Random Language or Spanish Quiz

In 6 Languages: Weather Quiz Stats

 Plays Quiz Updated Dec 20, 2017

Score 0/10 Timer 05:00
5 Plays Today
% Correct
Sun
96.7%
Moon
90.8%
Wind
82.8%
Storm
81.2%
Rainbow
80.9%
Cold
73.1%
Snow
52.7%
Hot
39.9%
Rain
35.5%
Fog
31.6%

You're not logged in!

Compare scores with friends on all Sporcle quizzes.
OR
Log In

You Might Also Like...

Show Comments

Extras

Top Quizzes Today


Score Distribution

Your Account Isn't Verified!

In order to create a playlist on Sporcle, you need to verify the email address you used during registration. Go to your Sporcle Settings to finish the process.

Report this User

Report this user for behavior that violates our Community Guidelines.

Details: